<?xml version="1.0" encoding="UTF-8"?>
<marc:record xmlns:marc="http://www.loc.gov/MARC21/slim">
   <marc:leader>00000nam a2200000 a 4500</marc:leader>
   <marc:datafield ind1="1" ind2=" " tag="100">
      <marc:subfield code="a">Horsch-Ihle, Evelyn</marc:subfield>
      <marc:subfield code="4">aut</marc:subfield>
      <marc:subfield code="e">Verfasser/-in</marc:subfield>
   </marc:datafield>
   <marc:datafield ind1=" " ind2=" " tag="653">
      <marc:subfield code="a">Krebs</marc:subfield>
   </marc:datafield>
   <marc:datafield ind1=" " ind2=" " tag="653">
      <marc:subfield code="a">Yoga</marc:subfield>
   </marc:datafield>
   <marc:datafield ind1=" " ind2=" " tag="653">
      <marc:subfield code="a">Softcover / Ratgeber/Gesundheit/Entspannung</marc:subfield>
   </marc:datafield>
   <marc:datafield ind1=" " ind2=" " tag="653">
      <marc:subfield code="a">Meditation</marc:subfield>
   </marc:datafield>
   <marc:datafield ind1=" " ind2=" " tag="653">
      <marc:subfield code="a">Autogenes Training</marc:subfield>
   </marc:datafield>
   <marc:datafield ind1=" " ind2=" " tag="653">
      <marc:subfield code="a">Übungssammlung</marc:subfield>
   </marc:datafield>
   <marc:datafield ind1="0" ind2="0" tag="245">
      <marc:subfield code="a">Yoga für Krebspatienten</marc:subfield>
   </marc:datafield>
   <marc:datafield ind1="0" ind2="0" tag="245">
      <marc:subfield code="c">Evelyn Horsch-Ihle</marc:subfield>
   </marc:datafield>
   <marc:datafield ind1=" " ind2="1" tag="264">
      <marc:subfield code="a">Petersberg</marc:subfield>
      <marc:subfield code="b">Verl. Via Nova</marc:subfield>
      <marc:subfield code="c">2011</marc:subfield>
   </marc:datafield>
   <marc:datafield ind1=" " ind2=" " tag="250">
      <marc:subfield code="a">1. Aufl.</marc:subfield>
   </marc:datafield>
   <marc:datafield ind1="1" ind2=" " tag="520">
      <marc:subfield code="a">Angaben aus der Verlagsmeldung

Yoga für Krebspatienten / von Evelyn Horsch-Ihle

Ein spezielles Übungsprogramm, um wieder Vertrauen in die Heilkraft des Körpers zu finden

Wie bekomme ich wieder mehr Energie? Wie kann ich wieder Vertrauen zu meinem Körper finden? Wie kann ich wieder voll Freude und Zuversicht leben - trotz oder gerade mit meiner Erkrankung?
Erstmals gibt es hier ein Yoga-Programm, mit dem Krebspatienten Antworten auf diese Fragen finden können und das sie genau dort abholt, wo sie gerade sind: bei Unruhe und Erschöpfung, bei Schlaflosigkeit oder Depression. Dieses einzigartige Programm stärkt die inneren Ressourcen und baut die Lebensenergie wieder auf. Es ist das Ergebnis von mehr als 25 Jahren Erfahrung und zusammen mit Krebspatienten entwickelt worden, um bewusst zu machen und zu vermitteln, dass ein solches Leben mit dem Krebs, das in jedem Augenblick beginnen kann, auch lebenswert ist und dass man der inneren Heilkraft vertrauen darf.
</marc:subfield>
   </marc:datafield>
   <marc:datafield ind1=" " ind2=" " tag="020">
      <marc:subfield code="a">9783866161740</marc:subfield>
      <marc:subfield code="9">9783866161740</marc:subfield>
   </marc:datafield>
   <marc:datafield ind1=" " ind2=" " tag="041">
      <marc:subfield code="a">ger</marc:subfield>
   </marc:datafield>
   <marc:datafield ind1=" " ind2=" " tag="300">
      <marc:subfield code="a">267 S.</marc:subfield>
   </marc:datafield>
</marc:record>
